[Event "89th GER-ch"]
[Site "Dresden"]
[Date "2018.08.06"]
[Round "4"]
[White "Heimrath, Reiner"]
[Black "Proschmann, Tino"]
[Result "1-0"]
[WhiteElo "2200"]
[BlackElo "2092"]
[Annotator "NA RC"]
[PlyCount "81"]
[EventDate "2018.08.03"]
[EventType "swiss"]
[EventCountry "GER"]
[SourceTitle "playchess.com"]
[Source "ChessBase"]
[SourceQuality "1"]
[TimeControl "40/5400+30:1800+30"]

1. e4 c5 2. Nc3 Nc6 3. d3 g6 4. Be3 d6 5. d4 cxd4 6. Bxd4 Nxd4 7. Qxd4 Nf6 8. e5 dxe5 9. Bb5+ Bd7 10. Qxe5 a6 11. Bxd7+ Qxd7 12. Rd1 Qg4 13. Nge2 Bg7 14. O-O O-O 15. Rd4 Qf5 16. Qxf5 gxf5 17. Rb4 Rab8 18. a4 Rfd8 19. Rd1 Rxd1+ 20. Nxd1 Rd8 21. Rd4 Rxd4 22. Nxd4 e6 23. Nb3 Nd7 24. Na5 Nc5 25. b3 Kf8 26. Kf1 Ke7 27. Ke2 Kd7 28. Nc4 b5 29. axb5 axb5 30. Nd2 Kc6 31. f3 Bd4 32. Nf2 Be5 33. g3 Bf6 34. Nd3 Nxd3 35. Kxd3 h5 36. f4 Be7 37. Nf3 Bf6 38. c4 bxc4+ 39. Kxc4 Kd6 40. b4 Kc6 41. Ne5+ 1-0

[Event "89th GER-ch"]
[Site "Dresden"]
[Date "2018.08.06"]
[Round "4.1"]
[White "Kvetny, Mark"]
[Black "Poetsch, Hagen"]
[Result "1/2-1/2"]
[WhiteElo "2421"]
[BlackElo "2513"]
[Annotator "ChessBase"]
[PlyCount "102"]
[EventDate "2018.08.03"]
[EventType "swiss"]
[EventCountry "GER"]
[SourceTitle "playchess.com"]
[Source "ChessBase"]
[SourceQuality "1"]
[TimeControl "40/5400+30:1800+30"]

1. c4 {[%emt 1:30:27]} e6 {[%emt 1:30:12]} 2. Nc3 {[%emt 1:30:49]} Bb4 {[%emt 1:28:05]} 3. Qb3 {[%emt 1:25:12]} Nc6 {[%emt 1:26:53]} 4. Nf3 {[%emt 1:23:21]} Nf6 {[%emt 1:26:14]} 5. a3 {[%emt 1:13:42]} Bxc3 {[%emt 1:26:09]} 6. Qxc3 {[%emt 1:14:06]} d5 {[%emt 1:22:31]} 7. e3 {[%emt 1:06:18]} O-O {[%emt 1:20:51]} 8. b4 {[%emt 1:00:28]} Re8 {[%emt 1:15:47]} 9. b5 {[%emt 0:54:20]} Ne4 {[%emt 1:07:29]} 10. Qc2 {[%emt 0:52:17]} Na5 {[%emt 1:07:53]} 11. Be2 {[%emt 0:48:51]} b6 {[%emt 1:01:38]} 12. O-O {[%emt 0:37:53]} Bb7 {[%emt 0:59:43]} 13. d3 {[%emt 0:35:21]} Nc5 {[%emt 0:53:35]} 14. cxd5 {[%emt 0:33:46]} Qxd5 {[%emt 0:52:02]} 15. Bb2 {[%emt 0:32:50]} a6 {[%emt 0:49:52]} 16. a4 {[%emt 0:28:03]} Qb3 {[%emt 0:41:51]} 17. Qc3 {[%emt 0:23:49]} Qxc3 {[%emt 0:40:33]} 18. Bxc3 {[%emt 0:24:16]} Nab3 {[%emt 0:38:06]} 19. Rab1 {[%emt 0:21:44]} axb5 {[%emt 0:37:19]} 20. d4 {[%emt 0:17:05]} bxa4 {[%emt 0:35:33]} 21. dxc5 {[%emt 0:17:24]} Nxc5 {[%emt 0:35:49]} 22. Bb4 {[%emt 0:13:52]} Be4 {[%emt 0:31:02]} 23. Rb2 {[%emt 0:10:34]} Nd3 {[%emt 0:29:44]} 24. Bxd3 {[%emt 0:10:40]} Bxd3 {[%emt 0:30:08]} 25. Rc1 {[%emt 0:10:32]} Red8 {[%emt 0:19:58]} 26. Ne5 {[%emt 0:09:22]} f6 {[%emt 0:16:20]} 27. Nxd3 {[%emt 0:08:08]} Rxd3 {[%emt 0:16:35]} 28. Kf1 {[%emt 0:07:45]} a3 {[%emt 0:12:06]} 29. Ra2 {[%emt 0:06:59]} c5 {[%emt 0:12:08]} 30. Be1 {[%emt 0:06:18]} Rb3 {[%emt 0:11:11]} 31. Ke2 {[%emt 0:04:33]} Kf7 {[%emt 0:10:55]} 32. Kd1 {[%emt 0:04:05]} Ke8 {[%emt 0:05:40]} 33. Kc2 {[%emt 0:03:20]} c4 {[%emt 0:05:58]} 34. Rb1 {[%emt 0:01:15]} Rxb1 {[%emt 0:06:21]} 35. Kxb1 {[%emt 0:01:43]} Ra4 {[%emt 0:06:38]} 36. Rc2 {[%emt 0:01:27]} b5 {[%emt 0:01:49]} 37. Ka2 {[%emt 0:01:52]} Ra7 {[%emt 0:02:05]} 38. Bb4 {[%emt 0:00:45]} Ra4 {[%emt 0:02:07]} 39. Be1 {[%emt 0:01:03]} Ra7 {[%emt 0:02:20]} 40. Bb4 {[%emt 0:00:18]} Kd7 {[%emt 0:01:11]} 41. Rc3 {[%emt 0:24:23]} Ra4 {[%emt 0:30:28]} 42. Bc5 {[%emt 0:22:24]} Kc6 {[%emt 0:26:58]} 43. Bf8 {[%emt 0:22:32]} Ra8 {[%emt 0:22:50]} 44. Be7 {[%emt 0:18:13]} Ra7 {[%emt 0:19:52]} 45. Bb4 {[%emt 0:18:08]} Ra4 {[%emt 0:20:08]} 46. Bf8 {[%emt 0:17:38]} Ra8 {[%emt 0:20:33]} 47. Bxa3 {[%emt 0:16:27]} Kd5 {[%emt 0:17:11]} 48. Kb2 {[%emt 0:15:01]} b4 {[%emt 0:17:18]} 49. Bxb4 {[%emt 0:15:28]} Rb8 {[%emt 0:17:44]} 50. Ka3 {[%emt 0:15:50]} Ra8+ {[%emt 0:18:10]} 51. Kb2 {[%emt 0:16:07]} Rb8 {[%emt 0:18:36]} 1/2-1/2

[Event "89th GER-ch"]
[Site "Dresden"]
[Date "2018.08.06"]
[Round "4.2"]
[White "Reuker, Jari"]
[Black "Gschnitzer, Adrian"]
[Result "1/2-1/2"]
[WhiteElo "2404"]
[BlackElo "2333"]
[Annotator "NA"]
[PlyCount "100"]
[EventDate "2018.08.03"]
[EventType "swiss"]
[EventCountry "GER"]
[SourceTitle "playchess.com"]
[Source "ChessBase"]
[SourceQuality "1"]
[TimeControl "40/5400+30:1800+30"]

1. d4 {[%emt 1:30:26]} Nf6 {[%emt 1:30:19]} 2. c4 {[%emt 1:30:46]} c5 {[%emt 1:30:34]} 3. d5 {[%emt 1:31:09]} b5 {[%emt 1:30:57]} 4. cxb5 {[%emt 1:31:32]} a6 {[%emt 1:31:21]} 5. bxa6 {[%emt 1:31:54]} g6 {[%emt 1:31:33]} 6. Nc3 {[%emt 1:32:16] A58: Benko/Volga Gambit: Lines with 5 bxa6} Bg7 {[%emt 1:31:36] LiveBook: 524 Games} 7. e4 {[%emt 1:32:30]} (7. Nf3 O-O 8. g3 d6 9. Bg2 Nxa6 10. O-O Bf5 11. Nh4 Bd7 12. b3 Qb6 13. Bd2 Rfb8 14. Re1 Nc7 15. Qc2 Ra3 16. Qc1 Qa7 17. e4 Ng4 18. h3 {0-1 (38) Li,C (2732)-Shankland,S (2671) Liaocheng 2018}) 7... O-O {[%emt 1:31:47]} 8. Nf3 {[%emt 1:32:27]} Qa5 {[%emt 1:31:55]} 9. Bd2 {[%emt 1:32:43]} Bxa6 {[%emt 1:31:57]} 10. Be2 {[%emt 1:32:41]} Bxe2 {[%emt 1:31:17]} 11. Qxe2 {[%emt 1:33:04]} Qa6 {[%emt 1:31:31]} 12. a4 {[%emt 1:33:04]} e6 {[%emt 1:29:29]} 13. dxe6 $146 {[%emt 1:32:57]} ({Predecessor:} 13. d6 Nc6 {0-1 (84) Gorti,A (2186)-Vigoa Apecheche,Y (2245) Manchester 2015}) 13... dxe6 {[%emt 1:25:33]} 14. Nb5 {[%emt 1:29:11]} Nc6 {[%emt 1:10:16]} 15. Bc3 {[%emt 1:29:06]} Rfb8 {[%emt 1:02:25]} ({Black should play} 15... Rab8 $14) 16. Nc7 $16 {[%emt 1:14:01]} Qxe2+ {[%emt 1:02:37]} 17. Kxe2 {[%emt 1:14:27]} Ra7 {[%emt 1:02:08]} 18. Nb5 {[%emt 1:14:35]} Rd7 {[%emt 0:44:30]} 19. Rhd1 {[%emt 0:55:53]} Rxd1 {[%emt 0:42:23]} 20. Rxd1 {[%emt 0:54:53]} Nxe4 {[%emt 0:42:02]} 21. Bxg7 {[%emt 0:53:03]} Kxg7 {[%emt 0:38:34]} 22. Rd7 {[%emt 0:50:49]} Ra8 {[%emt 0:29:26]} 23. Rc7 {[%emt 0:43:50]} Nb4 {[%emt 0:28:09]} 24. b3 {[%emt 0:34:57]} Nd5 {[%emt 0:26:59]} 25. Rb7 {[%emt 0:26:35]} c4 {[%emt 0:21:45]} 26. bxc4 {[%emt 0:25:48]} Nc5 {[%emt 0:21:53]} 27. Ra7 {[%emt 0:23:55]} Rxa7 {[%emt 0:21:00]} 28. Nxa7 {[%emt 0:24:23]} Nc3+ {[%emt 0:20:24]} 29. Ke3 {[%emt 0:23:07]} N3xa4 {[%emt 0:20:36]} 30. Nd2 {[%emt 0:15:08]} f6 {[%emt 0:16:00]} 31. f4 {[%emt 0:12:51]} Kf7 {[%emt 0:15:32]} 32. Kd4 {[%emt 0:10:59]} h6 {[%emt 0:13:02]} 33. Nc8 {[%emt 0:09:16]} Nd7 {[%emt 0:03:14]} 34. Ne4 {[%emt 0:08:36]} f5 {[%emt 0:02:58]} 35. Ned6+ {[%emt 0:08:40]} Kf6 {[%emt 0:03:10]} 36. Ne8+ {[%emt 0:07:02]} Kf7 {[%emt 0:03:33]} 37. Nc7 {[%emt 0:06:58]} Ndc5 {[%emt 0:04:03]} 38. g3 {[%emt 0:04:37]} Kf6 {[%emt 0:01:24]} 39. Nd6 {[%emt 0:01:12]} Nb3+ {[%emt 0:00:35]} 40. Kd3 {[%emt 0:00:07]} Nbc5+ {[%emt 0:00:39]} 41. Ke3 {[%emt 0:26:50]} g5 {[%emt 0:22:14]} 42. Ncb5 {[%emt 0:22:51]} e5 {[%emt 0:19:22]} 43. Ne8+ {[%emt 0:22:07]} Ke7 {[%emt 0:18:36]} 44. Nec7 {[%emt 0:20:40]} exf4+ {[%emt 0:11:11]} 45. gxf4 {[%emt 0:21:03]} gxf4+ {[%emt 0:11:14]} 46. Kxf4 {[%emt 0:20:38]} Nb6 {[%emt 0:10:17]} 47. Kxf5 {[%emt 0:18:39]} Nxc4 {[%emt 0:10:21]} 48. Kg6 {[%emt 0:18:59]} Ne5+ {[%emt 0:10:35]} 49. Kxh6 {[%emt 0:19:18]} Ng4+ {[%emt 0:10:58]} 50. Kg5 {[%emt 0:19:45]} Nxh2 {[%emt 0:11:20]} 1/2-1/2

[Event "89th GER-ch"]
[Site "Dresden"]
[Date "2018.08.06"]
[Round "4.3"]
[White "Langrock, Hannes"]
[Black "Armbrust, Florian"]
[Result "1/2-1/2"]
[WhiteElo "2370"]
[BlackElo "2300"]
[Annotator "NA"]
[PlyCount "80"]
[EventDate "2018.08.03"]
[EventType "swiss"]
[EventCountry "GER"]
[SourceTitle "playchess.com"]
[Source "ChessBase"]
[SourceQuality "1"]
[TimeControl "40/5400+30:1800+30"]

1. d4 {[%emt 1:30:28]} d5 {[%emt 1:30:27]} 2. Nf3 {[%emt 1:27:37]} Nf6 {[%emt 1:30:52]} 3. g3 {[%emt 1:27:10]} g6 {[%emt 1:27:27]} 4. Bg2 {[%emt 1:26:01]} Bg7 {[%emt 1:27:53]} 5. c4 {[%emt 1:26:18]} c6 {[%emt 1:27:58]} 6. cxd5 {[%emt 1:26:26]} cxd5 {[%emt 1:28:06]} 7. Ne5 {[%emt 1:25:26]} Nc6 {[%emt 1:25:03]} 8. O-O {[%emt 1:18:48]} Qb6 {[%emt 1:19:10]} 9. Nxc6 {[%emt 1:16:50]} bxc6 {[%emt 1:19:35]} 10. Nc3 {[%emt 1:16:41]} Nd7 {[%emt 1:14:30] LiveBook: 3 Games} 11. e3 {[%emt 1:06:57]} O-O $11 {[%emt 1:14:13]} 12. Na4 {[%emt 1:07:04]} Qb5 {[%emt 1:10:48]} 13. b3 {[%emt 1:00:52]} Ba6 {[%emt 0:57:44]} 14. Bb2 {[%emt 0:44:54]} Rfc8 {[%emt 0:49:30]} 15. Rc1 {[%emt 0:49:30]} e6 {[%emt 0:49:53]} 16. Qd2 {[%emt 0:38:55]} c5 {[%emt 0:45:47]} 17. dxc5 {[%emt 0:38:08]} Bxb2 {[%emt 0:45:29]} 18. Qxb2 {[%emt 0:38:30]} Nxc5 {[%emt 0:44:34]} 19. Nxc5 {[%emt 0:38:46]} Rxc5 {[%emt 0:44:40]} 20. Rxc5 {[%emt 0:38:53]} Qxc5 {[%emt 0:45:05]} 21. Rc1 {[%emt 0:39:14]} Qb6 {[%emt 0:40:12]} 22. h4 {[%emt 0:37:53]} h5 {[%emt 0:39:38]} 23. Qf6 {[%emt 0:31:50]} Rc8 {[%emt 0:38:27]} 24. Rxc8+ {[%emt 0:32:15]} Bxc8 {[%emt 0:38:51]} 25. Qc3 {[%emt 0:25:36]} Bd7 {[%emt 0:33:19]} 26. b4 {[%emt 0:25:47]} Qa6 {[%emt 0:32:33]} 27. a3 {[%emt 0:25:54]} Bb5 {[%emt 0:30:22]} 28. Bf3 {[%emt 0:25:21]} Qa4 {[%emt 0:21:10]} 29. Qc8+ {[%emt 0:22:14]} Kg7 {[%emt 0:21:21]} 30. Qc3+ {[%emt 0:22:35]} Kg8 {[%emt 0:21:35]} 31. Kg2 {[%emt 0:21:15]} Qa6 {[%emt 0:20:19]} 32. Kg1 {[%emt 0:19:02]} Qa4 {[%emt 0:20:22]} 33. g4 {[%emt 0:11:26]} hxg4 {[%emt 0:20:44]} 34. Bxg4 {[%emt 0:11:54]} Qa6 {[%emt 0:19:23]} 35. h5 {[%emt 0:11:59]} gxh5 {[%emt 0:18:54]} 36. Bxh5 {[%emt 0:12:26]} Be2 {[%emt 0:18:31]} 37. Qe5 {[%emt 0:07:59]} Bxh5 {[%emt 0:17:40]} 38. Qxh5 {[%emt 0:08:27]} Qxa3 {[%emt 0:17:50]} 39. Qg5+ {[%emt 0:08:52]} Kf8 {[%emt 0:17:51]} 40. Qd8+ {[%emt 0:09:20]} Kg7 {[%emt 0:18:12]} 1/2-1/2

[Event "89th GER-ch"]
[Site "Dresden"]
[Date "2018.08.06"]
[Round "4.4"]
[White "Gungl, Theo"]
[Black "Faerber, David"]
[Result "1/2-1/2"]
[WhiteElo "2283"]
[BlackElo "2321"]
[Annotator "NA"]
[PlyCount "80"]
[EventDate "2018.08.03"]
[EventType "swiss"]
[EventCountry "GER"]
[SourceTitle "playchess.com"]
[Source "ChessBase"]
[SourceQuality "1"]
[TimeControl "40/5400+30:1800+30"]

1. e4 {[%emt 1:30:28]} c6 {[%emt 1:30:07]} 2. d4 {[%emt 1:30:53]} d5 {[%emt 1:30:30]} 3. exd5 {[%emt 1:29:30]} cxd5 {[%emt 1:29:51]} 4. Bd3 {[%emt 1:29:55]} Nc6 {[%emt 1:28:54]} 5. c3 {[%emt 1:30:18]} Nf6 {[%emt 1:27:58]} 6. Bf4 {[%emt 1:30:19]} Bg4 7. Ne2 {[%emt 1:23:58]} e6 {[%emt 1:24:12]} 8. Qb3 {[%emt 1:22:27]} Qd7 {[%emt 1:13:56]} 9. O-O {[%emt 1:21:02]} Bd6 $11 {[%emt 1:07:19]} 10. Bxd6 {[%emt 1:04:43]} Qxd6 {[%emt 0:59:50]} 11. Ng3 {[%emt 1:03:18]} O-O {[%emt 0:59:09]} 12. h3 {[%emt 0:57:27]} Bh5 {[%emt 0:58:18]} 13. Nd2 {[%emt 0:55:06]} Bg6 {[%emt 0:55:53]} 14. Bxg6 {[%emt 0:53:31]} hxg6 {[%emt 0:56:04]} 15. Nf3 {[%emt 0:51:57]} Rab8 {[%emt 0:55:19]} 16. Qb5 {[%emt 0:49:11]} a6 {[%emt 0:50:44]} 17. Qe2 {[%emt 0:49:09]} Rfc8 {[%emt 0:45:56]} 18. Ne5 {[%emt 0:48:16]} Na5 {[%emt 0:40:03]} 19. h4 {[%emt 0:45:47]} Nc4 {[%emt 0:39:40]} 20. f4 {[%emt 0:41:16]} Qe7 {[%emt 0:34:25]} 21. h5 {[%emt 0:31:17]} Nxh5 {[%emt 0:28:11]} 22. Nxh5 {[%emt 0:31:39]} gxh5 {[%emt 0:28:22]} 23. Qxh5 {[%emt 0:32:00]} g6 {[%emt 0:28:01]} 24. Qh6 {[%emt 0:31:09]} Ne3 {[%emt 0:20:31]} 25. Rf3 {[%emt 0:21:45]} Nf5 {[%emt 0:20:34]} 26. Qg5 {[%emt 0:19:18]} Qxg5 {[%emt 0:18:35]} 27. fxg5 {[%emt 0:19:10]} Rc7 {[%emt 0:18:42]} 28. Rh3 {[%emt 0:18:46]} Kg7 {[%emt 0:17:50]} 29. Ng4 {[%emt 0:13:29]} Rcc8 {[%emt 0:15:14]} 30. Kf2 {[%emt 0:12:17]} Rh8 {[%emt 0:12:10]} 31. Rah1 {[%emt 0:12:35]} Rxh3 {[%emt 0:11:52]} 32. Rxh3 {[%emt 0:12:29]} Rh8 {[%emt 0:09:59]} 33. Rxh8 {[%emt 0:11:46]} Kxh8 {[%emt 0:10:24]} 34. Ne5 {[%emt 0:11:05]} Kg7 {[%emt 0:10:02]} 35. Nd7 {[%emt 0:08:10]} Nd6 {[%emt 0:09:16]} 36. Nc5 {[%emt 0:07:47]} Kf8 {[%emt 0:07:17]} 37. Kf3 {[%emt 0:07:45]} Ke7 {[%emt 0:07:26]} 38. Kf4 {[%emt 0:08:02]} a5 {[%emt 0:05:17]} 39. b3 {[%emt 0:03:03]} b6 {[%emt 0:02:26]} 40. Na4 {[%emt 0:03:18]} b5 {[%emt 0:00:47]} 1/2-1/2

[Event "89th GER-ch"]
[Site "Dresden"]
[Date "2018.08.07"]
[Round "5"]
[White "Zude, Arno"]
[Black "Syrov, Arkadi"]
[Result "1-0"]
[WhiteElo "2373"]
[BlackElo "2295"]
[Annotator "TA"]
[PlyCount "97"]
[EventDate "2018.08.03"]
[EventType "swiss"]
[EventCountry "GER"]
[SourceTitle "playchess.com"]
[Source "ChessBase"]
[SourceQuality "1"]

{[%evp 19,97,0,16,3,52,37,44,59,58,54,47,56,52,47,79,75,87,75,84,90,83,76,115,119,130,133,129,106,129,138,152,159,158,154,164,150,164,159,163,158,199,194,191,161,161,164,177,183,314,254,259,239,707,701,641,615,669,667,641,601,556,541,509,477,742,777,1255,1243,2969,616,3051,2850,1519,2312,2107,1982,1937,1835,1724,1123]} 1. e4 c5 2. Nf3 d6 3. d4 cxd4 4. Nxd4 Nf6 5. Nc3 a6 6. f3 e5 7. Nb3 Be6 8. Be3 Nbd7 9. Qd2 h5 10. Be2 Qc7 {LiveBook: 3 Partien. B90: Sizilianisch (Najdorf-Variante, Abweichungen)} (10... Rc8 11. a4 Be7 12. O-O O-O 13. a5 Qc7 14. Rfd1 Rfd8 15. Qe1 Nc5 16. Nxc5 dxc5 17. Na4 Rxd1 18. Rxd1 {0-1 (54) Leko,P (2731)-Karjakin,S (2770) Sochi 2014}) 11. O-O Rc8 12. Nd5 $146 ({Vorgänger:} 12. Rac1 Nb6 13. Kh1 Be7 14. Rfd1 Rd8 15. a4 d5 16. exd5 Nbxd5 17. Nxd5 Nxd5 18. c4 Nxe3 19. Qxe3 {0-1 (45) Soto,M (2051)-Rios Parra,M (2322) Medellin 2016}) 12... Bxd5 {Weiß steht etwas besser.} 13. exd5 g6 14. c4 b6 15. Rac1 Bg7 16. Na1 {[%cal Bb3a1,Ba1c2,Bc2a3,Ba3b5][%mdl 32]} a5 17. Nc2 O-O 18. Na3 Nc5 19. Nb5 Qd7 20. b3 Nh7 21. Bd1 {[%cal Be2d1,Bd1c2,Bc2a4,Ba4b5,Bb5c6][%mdl 32]} f5 22. Bc2 Nf6 23. a3 {[%cal Ba2a3,Ba3b4][%mdl 32]} Kh7 24. b4 axb4 25. axb4 Na6 26. Ba4 Rb8 27. Nc3 Qf7 28. Bb5 Nc7 29. Bc6 f4 30. Bf2 e4 {Mit der Idee ...e3.} 31. Nxe4 Nxe4 32. fxe4 Ne8 33. Bd4 Bh6 (33... Bxd4+ {war angesagt.} 34. Qxd4 Qf6 35. Qxf6 Nxf6 36. Rxf4 Kg7) 34. Qd3 Qe7 35. Rce1 Nf6 $2 {[#]} (35... Bg7 36. Qc3 Be5 37. Bxe5 Qxe5 38. Qxe5 dxe5 39. Bxe8 Rfxe8) 36. e5 $18 {Weiß steht klar auf Gewinn.} dxe5 37. Bxe5 Qxb4 38. Bxb8 Rxb8 39. Re6 Rf8 40. h3 Bg5 41. Qd4 h4 (41... Qc5 $142 42. Qxc5 bxc5) 42. Re5 Kh6 {[#]} 43. Rxg5 $1 {[%mdl 512]} Kxg5 44. Qxf4+ Kh5 45. Qe5+ Kh6 46. Rxf6 Rxf6 47. Qxf6 Qe1+ 48. Qf1 Qe3+ 49. Kh1 {Precision: Weiß = 85%, Schwarz = 43%.} 1-0

[Event "89th GER-ch"]
[Site "Dresden"]
[Date "2018.08.07"]
[Round "5"]
[White "Mueller, Nick"]
[Black "Langrock, Hannes"]
[Result "0-1"]
[WhiteElo "2313"]
[BlackElo "2370"]
[Annotator "TA"]
[PlyCount "90"]
[EventDate "2018.08.03"]
[EventType "swiss"]
[EventCountry "GER"]
[SourceTitle "playchess.com"]
[Source "ChessBase"]
[SourceQuality "1"]

{[%evp 31,90,-10,0,0,0,0,57,54,42,45,97,10,59,71,52,45,98,10,12,12,18,15,28,0,33,0,0,-2,-2,-8,0,-67,0,-43,-39,-79,-12,-63,-66,-59,-59,-70,-62,-72,-22,-193,-193,-193,-197,-192,-206,-677,-673,-859,-836,-959,-956,-914,-887,-861,-684]} 1. e4 e6 2. d4 d5 3. Nd2 c5 4. exd5 Qxd5 5. Ngf3 cxd4 6. Bc4 Qd6 7. O-O Nf6 8. Nb3 Nc6 9. Nfxd4 Nxd4 10. Nxd4 a6 11. Re1 Qc7 12. Bf1 {C07: French Tarrasch: 3...c5, 4 Ngf3 and 4 exd5 Qxd5} (12. Qe2 Bc5 13. c3 O-O 14. Bg5 b5 15. Bd3 Nd5 16. Qh5 g6 17. Qh4 Bb7 18. a4 bxa4 19. Rxa4 Rfe8 20. Nf3 {1-0 (29) Wei,Y (2729)-So,W (2780) chess.com INT 2018}) 12... Bd6 13. Nf5 Bxh2+ 14. Kh1 Kf8 15. Qd4 exf5 16. Qxf6 h6 {LiveBook: 8 Games} 17. Qd4 {[#] Strongly threatening g3.} Bd6 $1 18. Bc4 Bd7 {[#]} (18... Bc5 $11 19. Qc3 Bd7) 19. Bd2 $146 {[%mdl 1024] And now Bc3 would win. White has compensation.} ({Predecessor:} 19. b3 Qc5 {1-0 (63) Shankland,S (2656)-Chandra,A (2477) Saint Louis 2016}) 19... Qc5 20. Qd3 {Threatens to win with Rad1.} Kg8 (20... b5 $14 21. Qd5 Qxd5 22. Bxd5 Re8) 21. Bc3 (21. Rad1 $16 {aiming for Be3.} Rc8 22. Bb3) 21... Be8 22. Bb3 Bc7 23. Kg1 h5 ({Black should try} 23... Rd8 $14 24. Qe3 Qxe3 25. Rxe3 Rb8) 24. Qd5 (24. Rad1 $16) 24... Qxd5 $11 25. Bxd5 {White wants to play Re7.} Bc6 26. Bxc6 bxc6 27. Re7 Bd8 28. Rd7 Rh6 29. Re1 Bf6 $1 30. Bd2 Rg6 31. b4 (31. b3 $11) 31... Bg5 (31... Rg4 $15 32. f4 Rg3) 32. f4 Bf6 33. Kh2 h4 (33... Rg4 $17) 34. Re2 ({Better is} 34. a4 $11) 34... Rg3 $1 $15 35. Be1 Ra3 $1 36. Rc7 Rxa2 37. Rxc6 Rd8 38. Rd2 $2 (38. Rc5 $11) 38... Re8 $19 39. c3 Ra3 40. Rd1 Re2 {[#] Hoping for ...Raa2.} 41. Bd2 $2 (41. Kh3) 41... Ra2 {Black is clearly winning.} 42. c4 {and the idea Rd6 leaves White hopeful.} Bc3 43. Rxa6 Rb2 44. Ra8+ Kh7 45. Re8 Bxd2 {Precision: White = 40%, Black = 52%.} 0-1

[Event "89th GER-ch"]
[Site "Dresden"]
[Date "2018.08.07"]
[Round "5"]
[White "Gaede, Derek"]
[Black "Gungl, Theo"]
[Result "1/2-1/2"]
[WhiteElo "2298"]
[BlackElo "2283"]
[Annotator "TA"]
[PlyCount "80"]
[EventDate "2018.08.03"]
[EventType "swiss"]
[EventCountry "GER"]
[SourceTitle "playchess.com"]
[Source "ChessBase"]
[SourceQuality "1"]

{[%evp 18,80,31,29,42,39,54,26,10,0,33,8,25,12,15,0,0,0,18,9,47,8,33,31,31,31,39,36,39,41,37,9,20,12,23,-14,-12,-24,-24,-25,-25,-27,-27,-31,-4,-4,-4,-4,-4,-4,-5,-11,0,0,0,0,0,0,0,0,0,0,0,0,0]} 1. d4 d5 2. c4 c6 3. cxd5 cxd5 4. Bf4 Nc6 5. e3 Nf6 6. Nc3 a6 7. Be2 Bf5 8. Nf3 e6 9. Qb3 {D13: Slav Defence: Exchange variation without ...Bf5} (9. Ne5 Nxe5 10. Bxe5 Nd7 11. Bg3 Be7 12. O-O O-O 13. Rc1 Rc8 14. Bd3 Bxd3 15. Qxd3 Qa5 16. Rc2 Rc6 17. Rfc1 Rfc8 18. f3 Bb4 19. e4 Bxc3 20. bxc3 Nb6 21. h4 {0-1 (42) Vallejo Pons,F (2711)-Andreikin,D (2737) Tallinn 2016}) 9... Ra7 10. O-O {LiveBook: 9 Games} Bd6 11. Ne5 $146 {White is slightly better.} ({Predecessor:} 11. Bxd6 Qxd6 12. Rfc1 O-O 13. Na4 b5 14. Nc5 h6 15. a4 b4 16. a5 Ne4 {1-0 (35) Gundavaa,B (2503)-Jirka,J (2437) Pardubice 2016}) 11... Bxe5 12. dxe5 Nd7 13. Qa3 (13. Rfd1 {keeps more tension.} O-O 14. Qa3 b5 15. Qd6 Qa8 16. e4) 13... Qe7 (13... h5 {feels hotter.} 14. h3 g5 15. Bg3 h4 16. Bh2 Rg8) 14. Qxe7+ Nxe7 15. g4 Bg6 16. Bg3 h5 17. h3 {[%cal Bh2h3,Bh3g4][%mdl 32]} hxg4 18. hxg4 Nc5 19. Rad1 Ne4 20. Nxe4 Bxe4 {[%csl Ge4][%cal Rh8h1] [#]} 21. f3 Bc2 22. Rd4 Nc6 23. Rc1 Bg6 ({Not} 23... Nxd4 $2 24. exd4 Kd7 25. Rxc2 $18) 24. Rd2 Ra8 25. b4 Ke7 26. a4 Rhc8 27. Rb2 {[#]} Nd4 $1 {[%mdl 512]} 28. Rxc8 (28. exd4 Rxc1+) 28... Nxe2+ 29. Kf2 Rxc8 30. Kxe2 Rc2+ (30... Bc2 {is more complex.} 31. a5 Ba4 32. Be1 Bb5+ 33. Kf2 Rc1) 31. Rxc2 {The position is equal.} Bxc2 $11 {[%mdl 4096] Endgame KB-KB} 32. a5 Kd7 33. Kd2 Ba4 34. f4 g6 35. Bh4 Bb5 36. Ke1 Ba4 37. Ke2 Bc2 38. Bf6 Be4 39. Kf2 Ke8 40. Kg3 Bc2 {Precision: White = 52%, Black = 48%.} 1/2-1/2

[Event "89th GER-ch"]
[Site "Dresden"]
[Date "2018.08.07"]
[Round "5"]
[White "Brustkern, Juergen"]
[Black "Fischer, Sebastian"]
[Result "0-1"]
[WhiteElo "2219"]
[BlackElo "2292"]
[Annotator "TA"]
[PlyCount "54"]
[EventDate "2018.08.03"]
[EventType "swiss"]
[EventCountry "GER"]
[SourceTitle "playchess.com"]
[Source "ChessBase"]
[SourceQuality "1"]

{[%evp 19,54,0,0,-22,-23,-4,2,2,4,5,8,6,7,-52,-20,-32,-20,-118,-115,-175,26,26,33,32,27,-235,-260,-262,0,-358,-340,-339,-310,-346,-246,-331,-253]} 1. e4 d5 2. exd5 Qxd5 3. Nf3 Bg4 4. Be2 Nc6 5. d4 O-O-O 6. c4 Qf5 {B01: Skandinavische Verteidigung} (6... Qh5 7. Be3 e5 8. d5 e4 9. Nd4 Ne5 10. Bxg4+ Nxg4 11. h3 N8f6 12. Nc3 Nxe3 13. fxe3 Qh4+ 14. Kd2 Bc5 {1-0 (68) Tomashevsky,E (2728)-Fressinet,L (2700) Huaian 2016}) 7. Be3 Bxf3 8. Bxf3 Nxd4 9. Bxd4 Qe6+ 10. Be2 c5 {LiveBook: 4 Partien} 11. O-O Rxd4 12. Qc2 Qe4 13. Qxe4 Rxe4 14. Nc3 Rd4 15. Nb5 Rd2 16. Nxa7+ $146 (16. Bg4+ $11 e6 17. Nxa7+ Kb8 18. Nb5) ({Vorgänger:} 16. Bg4+ e6 17. Nxa7+ Kb8 18. Nb5 Nf6 19. Rfd1 Rxd1+ 20. Rxd1 {½-½ (20) Koenig,C (2114)-Schmuecker,M (2255) Dortmund 2013}) 16... Kb8 $15 17. Nb5 $1 Rxe2 18. Rfd1 $1 {[%cal Rd1d8]} Kc8 19. Rd3 (19. Na7+ $17 {war angesagt.} Kc7 20. Nb5+ Kc6 21. Rd8) 19... Rxb2 $2 (19... e6 $19 {Und ...Sh6 würde nun gewinnen.} 20. Rad1 Be7) 20. Rad1 $11 {[%csl Gd1][%cal Rd3d8] [#]} Rxb5 $1 21. cxb5 {jetzt b6 und aus.} Kc7 $1 {...Sf6 ist eine echte Drohung.} 22. a4 $2 {[%mdl 8192]} (22. Rd7+ $11 {und Weiss muss sich keine Sorgen machen.} Kb6 23. a4) 22... Nf6 $19 23. a5 e6 $2 (23... g6 $19 {Und weiter mit ...Lg7 wäre nett.} 24. a6 Bg7) 24. a6 $2 {[%mdl 8192] [#]} (24. Rd8 $1 $11 Nd5 25. a6 bxa6 26. bxa6) 24... bxa6 25. bxa6 Nd5 26. Rb3 {und nun wäre Tb7+ stark für Weiss.} Nb4 27. a7 Be7 {Precision: Weiß = 30%, Schwarz = 53%.} 0-1